Online Catalogue and eLibrary

Siththara kadule (Record no. 5311)

MARC details
000 -LEADER
fixed length control field 00420nam a2200157Ia 4500
005 - DATE AND TIME OF LATEST TRANSACTION
control field 20250701022123.0
008 - FIXED-LENGTH DATA ELEMENTS--GENERAL INFORMATION
fixed length control field 240331s9999 xx 000 0 und d
020 ## - INTERNATIONAL STANDARD BOOK NUMBER
ISBN 9559736205
082 ## - DDC Classification
Item Number - Author Mark ABE
Class No. 891
100 ## - MAIN ENTRY--PERSONAL NAME
Personal name Abeywardena,M
245 #0 - TITLE STATEMENT
Title Siththara kadule
260 ## - PUBLICATION, DISTRIBUTION, ETC.
Place of publication, distribution, etc. Dehiwala
Name of publisher, distributor, etc. Sri Devi Printers
Date of publication, distribution, etc. 2001
300 ## - PHYSICAL DESCRIPTION
Extent (e.g. Volumes, Pages etc.) 140 p .,
500 ## - GENERAL NOTE
General note A collection of Short Stories from African & Asian Countries
942 ## - Koha item type (Biblio)
Koha item type Books in Stacks (Lending)
Holdings
Lost status Damaged status Collection code Home library Current library Shelving location Date acquired Full call number Accession Number Item type
    Lending WERC Library WERC Library Social Science Cupboard 03/31/2024 891.483 ABE 1886 Books in Stacks (Lending)

© WERC Library